| 000 | 00877nam a2200289Ia 4500 | ||
|---|---|---|---|
| 003 | OSt | ||
| 005 | 20221007121417.0 | ||
| 006 | a|||||r|||| 00| 0 | ||
| 007 | ta | ||
| 008 | 221006b |||||||| |||| 00| 0 eng d | ||
| 020 | _a9789383692262 (hbk) | ||
| 024 | _a196527 | ||
| 037 | _cAnnuals, Advances | ||
| 040 |
_aBDL _cBDL _beng |
||
| 041 |
_2eng _aeng |
||
| 082 | _aI23:2, J0 Carb | ||
| 100 |
_aBessey Ernst Athearn _9711827 |
||
| 245 | 0 | _aMorphology and taxonomy of fungi | |
| 260 |
_aNew _bDelhi United Book Printers _c2015 |
||
| 300 |
_axiii,791p. ill. _ccm. |
||
| 500 | _aIndex 757-791p.; Reprint 2015 | ||
| 650 |
_a Ascomyceteae _9711828 |
||
| 650 |
_a Fungi Imperfecti _9711829 |
||
| 650 |
_aMycetozoa and Related Organisms _9711830 |
||
| 942 |
_hI23:2, J0 Carb _cREF _2CC |
||
| 999 |
_c1208851 _d1208851 |
||